An introduction to social psychology / (Record no. 157810)

MARC details
000 -LEADER
fixed length control field 00699nam a22001937a 4500
005 - DATE AND TIME OF LATEST TRANSACTION
control field 20181003111440.0
010 ## - LCCN (DPL NO)
LC control number ENG-124155
020 ## - INTERNATIONAL STANDARD BOOK NUMBER
International Standard Book Number 9789386446831
Terms of availability 350.00
035 ## - SYSTEM CONTROL NUMBER
System control number EN-107687
037 ## - SOURCE OF ACQUISITION
Source of stock number/acquisition DBAD/PUB
082 00 - DEWEY DECIMAL CLASSIFICATION NUMBER
Classification number 302
100 ## - MAIN ENTRY--PERSONAL NAME
Personal name Shetgovekar, Suhas
245 10 - TITLE STATEMENT
Title An introduction to social psychology /
Statement of responsibility, etc by Suhas Shetgovekar
260 ## - PUBLICATION, DISTRIBUTION, ETC. (IMPRINT)
Place of publication, distribution, etc New Delhi
Name of publisher, distributor, etc SAGE Publications,
Date of publication, distribution, etc 2018
270 ## - ADDRESS
Address B1/I-1 Mohan Cooperative Industrial Area, Mathura Road
City New Delhi
Postal code 110044
300 ## - PHYSICAL DESCRIPTION
Extent xv,294p.(A-1, B-1, AB-1, I-1p.)
Dimensions 25cm.(pbk)
Other physical details ill.
500 ## - GENERAL NOTE
General note It includes Appendix, bibliography, answers to multiple choice questions and index
942 ## - ADDED ENTRY ELEMENTS (KOHA)
Source of classification or shelving scheme Dewey Decimal Classification
Item type English Books
Classification part 302
Call number suffix SHE
Holdings
Withdrawn status Lost status Not for loan Collection code Home library Current library Date acquired Source of acquisition Cost, normal purchase price Full call number Barcode Copy number Cost, replacement price Koha item type
    Not For Loan Non-fiction D.B.Act.Division Sarojini Nagar 03/10/2018 DBAD/PUB 350.00 302 SHE EN-107687 1 350.00 English Books

© Delhi Public Library
Hit Counter
free hit counter